Bài giảng sinh học phân tử và tế bào : Dùng cho sinh viên Sư phạm sinh

Nội dung: thành phần hóa học trong tế bào; cơ chế và hiện tượng phân tử của hiện tượng di truyền; kỹ thuật di truyền....

Gespeichert in:
Bibliographische Detailangaben
1. Verfasser: Võ, Thị Thanh Phương
Format: Buch
Sprache:Undetermined
Veröffentlicht: Cần Thơ Trường Đại học Cần Thơ 2020
Schlagworte:
Tags: Tag hinzufügen
Keine Tags, Fügen Sie den ersten Tag hinzu!
Thư viện lưu trữ: Trung tâm Học liệu Trường Đại học Cần Thơ
LEADER 00969nam a2200241Ia 4500
001 CTU_239184
008 210402s9999 xx 000 0 und d
082 |a 572.8 
082 |b Ph561 
100 |a Võ, Thị Thanh Phương 
245 0 |a Bài giảng sinh học phân tử và tế bào : 
245 0 |b Dùng cho sinh viên Sư phạm sinh 
245 0 |c Võ Thị Thanh Phương (Biên soạn) 
260 |a Cần Thơ 
260 |b Trường Đại học Cần Thơ 
260 |c 2020 
520 |a Nội dung: thành phần hóa học trong tế bào; cơ chế và hiện tượng phân tử của hiện tượng di truyền; kỹ thuật di truyền.... 
526 |a Sinh học phân tử và tế bào 
526 |b SG449 
650 |a Molecular biology,Sinh học phân tử 
904 |i Kim Lan 
910 |a Tuyến 
980 |a Trung tâm Học liệu Trường Đại học Cần Thơ